Govt. of
Madhya Pradesh

हिन्‍दी निबन्‍ध (Record no. 49104)

MARC details
000 -LEADER
fixed length control field 005380000a22001810004500
003 - CONTROL NUMBER IDENTIFIER
control field MACL
005 - DATE AND TIME OF LATEST TRANSACTION
control field 20160113151210.0
008 - FIXED-LENGTH DATA ELEMENTS--GENERAL INFORMATION
fixed length control field 160113b xxu||||| |||| 00| 0 eng d
040 ## - CATALOGING SOURCE
Original cataloging agency MACL
Transcribing agency MACL
041 ## - LANGUAGE CODE
Language code of text/sound track or separate title Hindi
082 ## - DEWEY DECIMAL CLASSIFICATION NUMBER
Classification number 891.434
100 ## - MAIN ENTRY--PERSONAL NAME
Personal name जे के चोपडा
9 (RLIN) 17317
245 ## - TITLE STATEMENT
Title हिन्‍दी निबन्‍ध
260 ## - PUBLICATION, DISTRIBUTION, ETC. (IMPRINT)
Place of publication, distribution, etc. इंडिया
Name of publisher, distributor, etc. यूनीक पब्लिशर्स
Date of publication, distribution, etc. 2014
350 ## - PRICE (NR) (BK AM CF MU VM SE) [OBSOLETE]
Price 225
650 ## - SUBJECT ADDED ENTRY--TOPICAL TERM
Topical term or geographic name as entry element निबन्‍ध्‍ा
9 (RLIN) 31856
942 ## - ADDED ENTRY ELEMENTS (KOHA)
Koha item type Hindi Books
Call number prefix 891.434
Source of classification or shelving scheme
Holdings
Withdrawn status Lost status Source of classification or shelving scheme Damaged status Not for loan Home library Current library Date acquired Cost, normal purchase price Total Checkouts Full call number Barcode Date last seen Date last checked out Uniform Resource Identifier Price effective from Koha item type
          MACL MACL 15/04/2015 225.00 2 891.434 DPI000107 05/12/2019 13/11/2019 49891 15/04/2015 Books